000 00763nam a22002297a 4500
005 20170124105959.0
010 _aB-895517
020 _c00.00
_a8170248264
035 _aB-895517
037 _bCen Lib/Ret
040 _aDPL
_bEN
082 _a364.3
_bVAD
100 _aVadackumchery,James
_932159
245 _aThe police the accused and criminal injustice /
_cby James Vadackumchery
260 _aNew Delhi
_bA.P.H.publishing corporation
_c1997
270 _a5,Ansari road Darya Ganj
_bNew Delhi
_e110002
300 _axii,213p.
_c21cm(Hb)
500 _aIncludes bibliographical reference and index
650 _aPolice corruption
_zIndia
_915405
650 _aCriminal justice, Administration
_915406
942 _2ddc
_cEN
_h364.3
_mVAD
999 _c125756
_d125756